Biggest subreddits - Statistics

General Stats
  • This quiz has been taken 8 times
  • The average score is 4 of 31
Answer Stats
# Subscribers Answer % Correct
40.4m r/funny
71%
35.8m r/AskReddit
57%
24.6m r/news
57%
20.8m r/jokes
43%
154.0m r/announcements
29%
20.5m r/art
29%
31.1m r/aww
29%
19.5m r/nottheonion
29%
27.6m r/worldnews
29%
21.7m r/gifs
14%
19.5m r/mildlyinteresting
14%
26.4m r/movies
14%
28.5m r/pics
14%
26.5m r/todayilearned
14%
21.2m r/askscience
0%
19.0m r/blog
0%
20.3m r/books
0%
19.4m r/DIY
0%
21.8m r/EarthPorn
0%
20.6m r/explainlikeimfive
0%
21.6m r/food
0%
17.8m r/gadgets
0%
32.8m r/gaming
0%
21.7m r/IAmA
0%
20.7m r/LifeProTips
0%
29.8m r/music
0%
27.8m r/science
0%
24.6m r/Showerthoughts
0%
18.9m r/space
0%
19.4m r/sports
0%
26.6m r/videos
0%
No matching quizzes found
Score Distribution
Percent of People with Each Score
Percentile by Number Answered
Your Score History
You have not taken this quiz